[Event "GER-ch U10"]
[Site "Willingen"]
[Date "2023.06.01"]
[Round "8"]
[White "Pflugbeil, Julian"]
[Black "Obermair, Hannes"]
[Result "1-0"]
[WhiteElo "1242"]
[BlackElo "1320"]
[PlyCount "31"]
[EventDate "2023.05.27"]
[EventType "swiss"]
[EventRounds "11"]
[EventCountry "GER"]
[SourceTitle "CBM 214 Extra"]
[Source "ChessBase"]
[SourceDate "2023.07.31"]
[SourceVersion "1"]
[SourceVersionDate "2023.07.31"]
[SourceQuality "1"]

1. e4 c5 2. Nc3 Nc6 3. f4 g6 4. Bc4 Bg7 5. Nf3 d6 6. 0-0 e6 7. d4 cxd4 8. Nb5 a6 9. Nbxd4 Nxd4 10. Nxd4 b5 11. Bb3 Bb7 12. f5 Qb6 13. Be3 e5 14. fxg6 fxg6 15. Bf7+ Kd7 16. Qg4+ 1-0

[Event "GER-ch U10"]
[Site "Willingen"]
[Date "2023.05.29"]
[Round "3"]
[White "Wuestenberg, Benjamin"]
[Black "Pflugbeil, Julian"]
[Result "0-1"]
[WhiteElo "1343"]
[BlackElo "1242"]
[PlyCount "66"]
[EventDate "2023.05.27"]
[EventType "swiss"]
[EventRounds "11"]
[EventCountry "GER"]
[SourceTitle "CBM 214 Extra"]
[Source "ChessBase"]
[SourceDate "2023.07.31"]
[SourceVersion "1"]
[SourceVersionDate "2023.07.31"]
[SourceQuality "1"]

1. e4 d6 2. d4 Nf6 3. Nc3 g6 4. Bd3 Bg7 5. Nge2 0-0 6. Be3 Ng4 7. Bf4 e5 8. dxe5 Nxe5 9. 0-0 Nxd3 10. cxd3 Be6 11. Qd2 f5 12. Ng3 Nc6 13. Rfe1 Qf6 14. Bg5 Qf7 15. Bf4 fxe4 16. Rxe4 d5 17. Rxe6 Qxe6 18. Bxc7 Rac8 19. Re1 Bxc3 20. bxc3 Qf6 21. Nh5 gxh5 22. Bg3 Rce8 23. Rb1 h4 24. Bc7 Qe7 25. Bf4 Rxf4 26. g3 h3 27. Rf1 Rff8 28. Qh6 Qe6 29. Qg5+ Kh8 30. Qc1 Qe2 31. Qh6 Qxf2+ 32. Rxf2 Re1+ 33. Rf1 Rexf1# 0-1

[Event "GER-chT U12"]
[Site "Muenchen"]
[Date "2022.12.27"]
[Round "2"]
[White "Haertel, Leon"]
[Black "Pflugbeil, Julian"]
[Result "1/2-1/2"]
[WhiteElo "1265"]
[BlackElo "1214"]
[PlyCount "74"]
[EventDate "2022.12.26"]
[EventType "team-swiss"]
[EventRounds "7"]
[EventCountry "GER"]
[SourceTitle "CBM 212 Extra"]
[Source "ChessBase"]
[SourceDate "2023.03.31"]
[SourceVersion "1"]
[SourceVersionDate "2023.03.31"]
[SourceQuality "1"]
[WhiteTeam "Hamburger SK"]
[BlackTeam "Bad Homburg"]
[WhiteTeamCountry "GER"]
[BlackTeamCountry "GER"]

1. d4 d5 2. c4 e6 3. Nc3 Nf6 4. cxd5 exd5 5. Bg5 Be6 6. e3 Bd6 7. Qb3 b6 8. Nf3 Nbd7 9. Bb5 Be7 10. Bc6 Rc8 11. Ne5 0-0 12. Bxd7 Bxd7 13. Nxd7 Qxd7 14. Bxf6 Bxf6 15. Nxd5 Rfe8 16. Nxf6+ gxf6 17. 0-0 Kh8 18. Qd1 Rg8 19. Qf3 Rg6 20. Kh1 Rcg8 21. g3 R8g7 22. Rac1 h5 23. Rg1 Rh7 24. d5 Qh3 25. Qg2 Qg4 26. h4 Qd7 27. Rc6 Rhg7 28. Rgc1 Rg4 29. Rxc7 Rxh4+ 30. gxh4 Qf5 31. Qxg7+ Kxg7 32. d6 Qd5+ 33. Kg1 Qxd6 34. Rxa7 Qb4 35. Rcc7 Qg4+ 36. Kf1 Qd1+ 37. Kg2 Qg4+ 1/2-1/2

[Event "GER-ch U10"]
[Site "Willingen"]
[Date "2021.08.24"]
[Round "3"]
[White "Buchinger, Alexis"]
[Black "Pflugbeil, Julian"]
[Result "1-0"]
[WhiteElo "1578"]
[BlackElo "1368"]
[PlyCount "69"]
[EventDate "2021.08.22"]
[EventType "swiss"]
[EventRounds "11"]
[EventCountry "GER"]
[SourceTitle "EXT 2022"]
[Source "ChessBase"]
[SourceDate "2021.10.06"]
[SourceVersion "1"]
[SourceVersionDate "2021.10.06"]
[SourceQuality "1"]

1. c4 Nf6 2. g3 g6 3. Bg2 Bg7 4. Nc3 0-0 5. d3 c6 6. e4 d6 7. Nge2 Be6 8. Nf4 Bd7 9. 0-0 e5 10. Nfe2 Be6 11. f4 Qb6+ 12. Kh1 Ng4 13. Qe1 f5 14. a4 a5 15. Rb1 Nd7 16. b3 Nc5 17. Qd1 Rf7 18. h3 Nh6 19. d4 exd4 20. Nxd4 Bxd4 21. Qxd4 Nxa4 22. Qd2 Nxc3 23. Qxc3 fxe4 24. g4 g5 25. f5 Bxf5 26. gxf5 Nxf5 27. Bb2 Ng3+ 28. Qxg3 Rxf1+ 29. Rxf1 Qc5 30. Bxe4 Re8 31. Bxh7+ Kxh7 32. Rf7+ Kg8 33. Rg7+ Kf8 34. Qf3+ Qf5 35. Qxf5# 1-0

[Event "GER-ch U10"]
[Site "Willingen"]
[Date "2021.08.23"]
[Round "1"]
[White "Burban, Bogdan"]
[Black "Pflugbeil, Julian"]
[Result "1/2-1/2"]
[WhiteElo "1062"]
[BlackElo "1368"]
[PlyCount "110"]
[EventDate "2021.08.22"]
[EventType "swiss"]
[EventRounds "11"]
[EventCountry "GER"]
[SourceTitle "EXT 2022"]
[Source "ChessBase"]
[SourceDate "2021.10.06"]
[SourceVersion "1"]
[SourceVersionDate "2021.10.06"]
[SourceQuality "1"]

1. d4 Nf6 2. c4 c5 3. d5 d6 4. Nc3 g6 5. Nf3 Bg7 6. Bf4 0-0 7. e3 Qb6 8. Na4 Qb4+ 9. Nd2 Bd7 10. b3 Bxa4 11. bxa4 Qa5 12. Be2 Ne4 13. Rc1 Bb2 14. Rc2 Bc3 15. f3 Nxd2 16. Rxd2 Bxd2+ 17. Qxd2 Qxd2+ 18. Kxd2 Nd7 19. Rb1 Nb6 20. a5 Na4 21. Bd1 Nb6 22. axb6 axb6 23. a4 Ra6 24. Ke2 Rd8 25. e4 e6 26. h4 exd5 27. exd5 f5 28. g4 fxg4 29. fxg4 Re8+ 30. Kf3 Re1 31. Ra1 Ra8 32. Bg3 Rf8+ 33. Kg2 Re4 34. Bxd6 Rxc4 35. Bxf8 Kxf8 36. Kf3 Rd4 37. Kg3 Rxd5 38. Bf3 Rd7 39. Rb1 c4 40. Rxb6 c3 41. Rb1 Ke8 42. Rc1 Rc7 43. Kf2 Kd7 44. Ke3 h5 45. gxh5 gxh5 46. Bxh5 Rc4 47. Bd1 Rxh4 48. Rxc3 Kd6 49. Kd2 Kd5 50. Rb3 Rd4+ 51. Rd3 b6 52. Rxd4+ Kxd4 53. Kc2 Kc4 54. Kb2 Kb4 55. Ka2 b5 1/2-1/2

[Event "GER-ch Net Amateur Gr-C Final"]
[Site "Playchess.com INT"]
[Date "2020.04.18"]
[Round "4"]
[White "Hartmann, Lasse Elias"]
[Black "Pflugbeil, Julian"]
[Result "0-1"]
[WhiteElo "1580"]
[BlackElo "1420"]
[PlyCount "114"]
[EventDate "2020.04.18"]
[EventType "swiss (blitz)"]
[EventRounds "13"]
[EventCountry "GER"]
[SourceTitle "CBM 195 Extra"]
[Source "ChessBase"]
[SourceDate "2020.05.31"]
[SourceVersion "1"]
[SourceVersionDate "2020.05.31"]
[SourceQuality "1"]

1. e4 d5 2. exd5 Nf6 3. Nc3 Bf5 4. Bb5+ c6 5. dxc6 Nxc6 6. Bxc6+ bxc6 7. d3 g6 8. Bg5 Bg7 9. Nf3 0-0 10. 0-0 Rb8 11. Rb1 Re8 12. Re1 Nd5 13. Nxd5 cxd5 14. c3 Qc7 15. Qd2 Bg4 16. Bf4 e5 17. Bh6 Bxf3 18. gxf3 Qd7 19. Bxg7 Kxg7 20. Qg5 f6 21. Qg4 Qb5 22. Red1 h5 23. Qh3 Rb6 24. b4 Rbe6 25. Ra1 e4 26. a4 Qb7 27. fxe4 dxe4 28. d4 e3 29. fxe3 Rxe3 30. Qg2 R8e4 31. Rf1 Rg4 32. Qxg4 hxg4 33. Rac1 Re2 34. Rf2 Rxf2 35. Kxf2 Qf3+ 36. Ke1 Qe3+ 37. Kd1 Qg1+ 38. Kc2 Qxh2+ 39. Kb1 g3 40. d5 g2 41. c4 g1Q 42. Rxg1 Qxg1+ 43. Kc2 f5 44. Kd3 f4 45. Kc3 f3 46. d6 f2 47. d7 Qg5 48. c5 f1Q 49. c6 Qfc1+ 50. Kd4 Qge3+ 51. Kd5 Qcd2+ 52. Kc4 Qec3+ 53. Kb5 Qxb4+ 54. Ka6 Qa5+ 55. Kb7 Qb6+ 56. Kc8 Qd6 57. d8Q Qbb8# 0-1

[Event "GER-ch Net Amateur Gr-C Final"]
[Site "Playchess.com INT"]
[Date "2020.04.18"]
[Round "2"]
[White "Pflugbeil, Julian"]
[Black "Ruddat, Jarne"]
[Result "0-1"]
[WhiteElo "1420"]
[BlackElo "1687"]
[PlyCount "118"]
[EventDate "2020.04.18"]
[EventType "swiss (blitz)"]
[EventRounds "13"]
[EventCountry "GER"]
[SourceTitle "CBM 195 Extra"]
[Source "ChessBase"]
[SourceDate "2020.05.31"]
[SourceVersion "1"]
[SourceVersionDate "2020.05.31"]
[SourceQuality "1"]

1. e4 c5 2. Nf3 g6 3. c3 Bg7 4. d4 cxd4 5. cxd4 Nc6 6. Nc3 e6 7. Nb5 d6 8. Bg5 Nge7 9. Bf4 e5 10. dxe5 dxe5 11. Qxd8+ Kxd8 12. Bg5 f6 13. Be3 Kd7 14. Rd1+ Ke6 15. Bc4+ Nd5 16. Bxd5+ Ke7 17. Bc5+ Ke8 18. Nc7+ Kd8 19. Nxa8 Bd7 20. Be6 Nb8 21. Bxa7 Ke7 22. Bxd7 Nxd7 23. Nb6 Nxb6 24. Bxb6 Ra8 25. 0-0 Ra6 26. Bc5+ Ke6 27. Rd5 f5 28. exf5+ Kxd5 29. Be3 gxf5 30. Rd1+ Ke6 31. Ng5+ Kf6 32. Nxh7+ Kg6 33. Ng5 f4 34. Ne4 fxe3 35. fxe3 Rxa2 36. Rd6+ Kf5 37. Ng3+ Kg5 38. Rd7 Bh6 39. Rxb7 Kg6 40. b4 Bxe3+ 41. Kf1 Rf2+ 42. Ke1 Rxg2 43. b5 Rxh2 44. b6 Rb2 45. Rb8 Rxb6 46. Re8 Bf4 47. Ne2 Kf5 48. Rf8+ Ke4 49. Nxf4 exf4 50. Ke2 Rb2+ 51. Ke1 Kf3 52. Rd8 Re2+ 53. Kf1 Re4 54. Rd3+ Re3 55. Rd2 Kg4 56. Rg2+ Rg3 57. Rxg3+ Kxg3 58. Kg1 f3 59. Kf1 f2 0-1

[Event "GER-ch Net Amateur Gr-C Vor3"]
[Site "Playchess.com INT"]
[Date "2020.04.16"]
[Round "5"]
[White "Pflugbeil, Julian"]
[Black "Siemianowski, Regina"]
[Result "1-0"]
[WhiteElo "1431"]
[BlackElo "1340"]
[PlyCount "57"]
[EventDate "2020.04.16"]
[EventType "swiss (blitz)"]
[EventRounds "9"]
[EventCountry "GER"]
[SourceTitle "CBM 195 Extra"]
[Source "ChessBase"]
[SourceDate "2020.05.31"]
[SourceVersion "1"]
[SourceVersionDate "2020.05.31"]
[SourceQuality "1"]

1. d4 d5 2. c4 c6 3. cxd5 cxd5 4. Nc3 e6 5. Bf4 f5 6. Nf3 Nf6 7. e3 Be7 8. Bd3 0-0 9. Qd2 Ne4 10. Qc2 Nc6 11. 0-0 Bd7 12. Nd2 Rc8 13. f3 Nxd2 14. Qxd2 Nb4 15. e4 fxe4 16. fxe4 Nxd3 17. Qxd3 a6 18. exd5 Bb5 19. Nxb5 axb5 20. Qxb5 exd5 21. Qxb7 Rb8 22. Bxb8 Re8 23. Bc7 Qd7 24. Rf3 Bd6 25. Rc1 Bxc7 26. Qxc7 Qa4 27. Qf7+ Kh8 28. Qf8+ Rxf8 29. Rxf8# 1-0

[Event "GER-ch Net Amateur Gr-C Vor2"]
[Site "Playchess.com INT"]
[Date "2020.04.15"]
[Round "5"]
[White "Glaeser, Alexander"]
[Black "Pflugbeil, Julian"]
[Result "0-1"]
[WhiteElo "1620"]
[BlackElo "1505"]
[PlyCount "58"]
[EventDate "2020.04.15"]
[EventType "swiss (blitz)"]
[EventRounds "9"]
[EventCountry "GER"]
[SourceTitle "CBM 196 Extra"]
[Source "ChessBase"]
[SourceDate "2020.07.31"]
[SourceVersion "1"]
[SourceVersionDate "2020.07.31"]
[SourceQuality "1"]

1. e4 c5 2. Nf3 d6 3. Nc3 Nf6 4. Bb5+ Bd7 5. Bxd7+ Nbxd7 6. d3 g6 7. Be3 Bg7 8. 0-0 0-0 9. h3 Qc7 10. a3 a6 11. Qd2 b5 12. b4 Rac8 13. bxc5 dxc5 14. a4 b4 15. Nd5 Nxd5 16. exd5 Bxa1 17. Rb1 Bc3 18. Qd1 Ne5 19. Nxe5 Qxe5 20. d4 cxd4 21. Bd2 Qxd5 22. Bxc3 bxc3 23. Rb4 e5 24. f4 d3 25. cxd3 Qc5+ 26. Kf1 c2 27. Qc1 Qxb4 28. Ke2 Qb1 29. Qxb1 cxb1Q 0-1

[Event "GER-ch Net Amateur Gr-C Vor2"]
[Site "Playchess.com INT"]
[Date "2020.04.15"]
[Round "4"]
[White "Pflugbeil, Julian"]
[Black "Schenk, Michael"]
[Result "0-1"]
[WhiteElo "1584"]
[BlackElo "1303"]
[PlyCount "80"]
[EventDate "2020.04.15"]
[EventType "swiss (blitz)"]
[EventRounds "9"]
[EventCountry "GER"]
[SourceTitle "CBM 196 Extra"]
[Source "ChessBase"]
[SourceDate "2020.07.31"]
[SourceVersion "1"]
[SourceVersionDate "2020.07.31"]
[SourceQuality "1"]

1. e3 e5 2. d4 exd4 3. Bd3 dxe3 4. Qe2 Bc5 5. Nf3 Nf6 6. 0-0 0-0 7. Bxe3 Bxe3 8. fxe3 Re8 9. Qf2 Nc6 10. Ng5 h6 11. Bh7+ Kh8 12. Nxf7+ Kxh7 13. Nxd8 Rxd8 14. Qf5+ Kg8 15. Rf3 d6 16. Qe4 Nxe4 17. Rf4 d5 18. Nc3 Be6 19. Nxe4 dxe4 20. Rxe4 Bf5 21. Rf4 Rf8 22. Raf1 g6 23. g4 Bxc2 24. Rxf8+ Rxf8 25. Rxf8+ Kxf8 26. Kf2 Ne5 27. Ke2 Nxg4 28. Kd2 Bf5 29. b4 Nxh2 30. a4 Ng4 31. a5 h5 32. Ke2 h4 33. Kf3 h3 34. Kg3 h2 35. Kg2 Be4+ 36. Kg3 h1Q 37. Kxg4 Qf3+ 38. Kg5 Qf5+ 39. Kh4 Bf3 40. b5 Qg4# 0-1